It looks like you're offline.
Open Library logo
additional options menu

MARC Record from Scriblio

Record ID marc_records_scriblio_net/part13.dat:32768204:756
Source Scriblio
Download Link /show-records/marc_records_scriblio_net/part13.dat:32768204:756?format=raw

LEADER: 00756nam 2200241 a 4500
001 81131457
003 DLC
005 19830120000000.0
008 830118s1980 enkacf b 00010 eng
010 $a 81131457
015 $aGB81-01024
020 $a0856920452 :$c£5.95
041 1 $aengita
050 0 $aTR760$b.G46 1980
082 0 $a133.8$219
100 10 $aGennaro, L.$q(Luigi)
245 10 $aKirlian photography :$bresearch and prospects /$cL. Gennaro, F. Guzzon, P. Marsigli.
260 0 $aLondon :$bEast West Publications,$c1980.
300 $a104 p., [48] p. of plates :$bill. (some col.), col. ports. ;$c23 cm.
504 $aBibliography: p. 103-104.
650 0 $aKirlian photography.
700 10 $aGuzzon, F.$q(Fulvio)
700 10 $aMarsigli, Pierluigi.